England Coastal Counties - Sudden Death - Statistics

General Stats
  • This quiz has been taken 60 times
  • The average score is 17 of 24
Answers on the Grid
Answers color-coded by a green-red scale on the quiz's grid according to % correct below.
County of Bristol
Bedfordshire
Berkshire
Buckinghamshire
Cambridgeshire
Cheshire
Cornwall
Cumbria
Derbyshire
Devon
Dorset
County Durham
East Riding of Yorkshire
East Sussex
Essex
Gloucestershire
Greater London
Greater Manchester
Hampshire
Herefordshire
Hertfordshire
Isle of Wight
Kent
Lancashire
Leicestershire
Lincolnshire
Merseyside
Norfolk
North Yorkshire
Northamptonshire
Northumberland
Nottinghamshire
Oxfordshire
Rutland
Shropshire
Somerset
South Yorkshire
Staffordshire
Suffolk
Surrey
Tyne & Wear
Warwickshire
West Midlands
West Sussex
West Yorkshire
Wiltshire
Worcestershire
 
Answer Stats
Answer % Correct
Devon
88%
Isle of Wight
88%
Cornwall
85%
County of Bristol
85%
Dorset
81%
Kent
81%
Tyne & Wear
81%
East Sussex
73%
Essex
73%
Hampshire
73%
Somerset
73%
East Riding of Yorkshire
69%
Merseyside
69%
Suffolk
69%
West Sussex
69%
Lincolnshire
65%
Norfolk
65%
Northumberland
65%
North Yorkshire
62%
Cumbria
58%
County Durham
54%
Lancashire
50%
Cheshire
42%
Gloucestershire
35%
No matching quizzes found
Score Distribution
Percent of People with Each Score
Percentile by Number Answered
Your Score History
You have not taken this quiz